000 00658nam a2200277Ia 4500
005 20260320195700.0
008 008 262003s9999 xx 000 0 hin d
020 _a9789360866174
037 _aEBOOK
040 _aCRL
040 _bhin
040 _cCRL
041 _2hin
041 _ahin
084 _qCRL
100 _aअदनान कफ़ील दरवेश
_91132786
245 0 _aनीली बयाज़
250 _a1st
260 _bRajkamal
260 _c2024
300 _a160
856 _uhttps://ebook.indiaread.in/pdfs/9789360866174.pdf
942 _cEBOOK
999 _c1715927
_d1715927